People's concepts for maintaining and reforestation in community at prabey mum commnue thpong district kampongspeu province, ទស្សនៈទានរបស់ប្រជាជនក្នុងការចូលរួមថែទាំ និងដាំដើមឈើឡើងវិញនៅសហគមន៍ក្នុងឃុំប្រាំបីមុំ ស្រុកថ្ពង ខេត្តកំពង់ស្ពឺ (Record no. 3411)

000 -LEADER
fixed length control field 00808nam a22001577a 4500
003 - CONTROL NUMBER IDENTIFIER
control field OSt
005 - DATE AND TIME OF LATEST TRANSACTION
control field 20151113163116.0
008 - FIXED-LENGTH DATA ELEMENTS--GENERAL INFORMATION
fixed length control field 151113b xxu||||| |||| 00| 0 eng d
040 ## - CATALOGING SOURCE
Transcribing agency RUA
082 ## - DEWEY DECIMAL CLASSIFICATION NUMBER
Classification number FOR NHC 2010 B139 Or.1
100 ## - MAIN ENTRY--PERSONAL NAME
9 (RLIN) 3663
Personal name NHCEL, SAMANG.
245 ## - TITLE STATEMENT
Title People's concepts for maintaining and reforestation in community at prabey mum commnue thpong district kampongspeu province, ទស្សនៈទានរបស់ប្រជាជនក្នុងការចូលរួមថែទាំ និងដាំដើមឈើឡើងវិញនៅសហគមន៍ក្នុងឃុំប្រាំបីមុំ ស្រុកថ្ពង ខេត្តកំពង់ស្ពឺ
260 ## - PUBLICATION, DISTRIBUTION, ETC. (IMPRINT)
Place of publication, distribution, etc. Phnom Penh
Name of publisher, distributor, etc. RUA
Date of publication, distribution, etc. 2010
300 ## - PHYSICAL DESCRIPTION
Extent xi; 47p.
Other physical details ill.
Dimensions 29cm.
942 ## - ADDED ENTRY ELEMENTS (KOHA)
Source of classification or shelving scheme
Koha item type FOR
Holdings
Price effective from Date last seen Permanent Location Not for loan Date acquired Source of classification or shelving scheme Koha item type Barcode Lost status Damaged status Shelving location Withdrawn status Current Location Full call number
2015-11-132015-11-13Library Block B 2015-11-13 FORRUA028689  B139 Library Block BFOR NHC 2010 B139 Or.1
2015-11-132015-11-13Library Block B 2015-11-13 FORRUA028547  B139 Library Block BFOR NHC 2010 B139 Or.2
2015-11-132015-11-13Library Block B 2015-11-13 FORRUA028979  B139 Library Block BFOR NHC 2010 B139 Or.3
2015-11-132015-11-13Library Block B 2015-11-13 FORRUA028901  B139 Library Block BFOR NHC 2010 B139 Or.4
2015-11-132015-11-13Library Block B 2015-11-13 FORRUA028902  B139 Library Block BFOR NHC 2010 B139 Or.5
2015-11-132015-11-13Library Block B 2015-11-13 FORRUA028974  B139 Library Block BFOR NHC 2010 B139 Or.6
មជ្ឈមណ្ឌលឯការនៃសាកលវិទ្យាល័យភូមិន្ទកសិកម្មចំការដូង

Powered by Koha